00330nam a2200121Ia 4500008004100000041000800041082001700049100001500066245004400081260004800125300002400173365001100197240624s9999 xx 000 0 und d aeng a658.4092 GOF aGOFFEE ROB aWHY SHOULD ANYONE BE LED BY YOU WHAT IT c2006aBostonbHarvard Business School Press a244 : p. : cm. ; 24 cRSb30